Statistics for Best and Worst US Presidents

Click here to take the quiz!

General Stats

  • This quiz has been taken 2,532 times
  • The average score is 15 of 22

Answer Stats

Best/WorstRankHintAnswer% Correct
Top Quartile3Father of the countryGeorge Washington
96%
Top Quartile1Preserved the UnionAbraham Lincoln
95%
Top Quartile2The New DealFranklin Roosevelt
90%
Top Quartile5Declaration of Independence authorThomas Jefferson
90%
Top Quartile6Saw the end of WW2Harry Truman
88%
Top Quartile10Civil rights and moon landing were on his agendaJohn F. Kennedy
88%
Top Quartile7President during WW1Woodrow Wilson
85%
Top Quartile8Established NASA;
ended Korean War
Dwight Eisenhower
80%
Top Quartile11Rescued U.S. from the Great Recession;
signed Affordable Care Act
Barack Obama
78%
Bottom Quartile34Great Depression presidentHerbert Hoover
77%
Bottom Quartile44Set numerous records for lying, scandal, corruption and incompetence.Donald Trump
68%
Top Quartile4Trust busterTheodore Roosevelt
65%
Top Quartile9Expanded suffrage to non-property owners; won Battle of New OrleansAndrew Jackson
64%
Bottom Quartile38Famous for dying one month in to his termWilliam Henry Harrison
62%
Bottom Quartile41First president to be impeachedAndrew Johnson
61%
Bottom Quartile43Failed to stop the outbreak of civil warJames Buchanan
56%
Bottom Quartile36Reconstruction president dogged by scandalUlysses S. Grant
50%
Bottom Quartile42Teapot Dome scandalWarren Harding
44%
Bottom Quartile35Served 16 months before dying in officeZachary Taylor
42%
Bottom Quartile39The last Whig presidentMillard Fillmore
40%
Bottom Quartile40Policies led to violent conflict over the expansion of Slavery in the American WestFranklin Pierce
35%
Bottom Quartile37Unelected president dubbed "his Accidency"John Tyler
35%

Score Distribution

Percentile by Number Answered

Percent of People with Each Score

Your Score History

You have not taken this quiz